100 Largest Cities in 2100 (On A Map!) - Statistics

General Stats
  • This quiz has been taken 1,059 times
  • The average score is 74 of 100
Answers on the Map
Answers color-coded by a green-red scale on the quiz's map according to % correct below.
 
Answer Stats
Population City % Correct
30.2 Mil New York
98%
9.56 Mil London
97%
22.2 Mil Mexico City
97%
11.9 Mil Paris
97%
20.0 Mil Los Angeles
96%
8.42 Mil Moscow
96%
14.5 Mil Chicago
95%
14.8 Mil Istanbul
95%
9.18 Mil Miami
95%
19.8 Mil Rio de Janeiro
94%
25.6 Mil Tokyo
94%
16.8 Mil Buenos Aires
93%
40.5 Mil Cairo
93%
57.3 Mil Delhi
93%
15.6 Mil Beijing
92%
7.93 Mil Dallas
92%
12.8 Mil Lima
92%
19.1 Mil Sao Paulo
92%
8.33 Mil Toronto
92%
11.2 Mil Bogota
91%
18.2 Mil Jakarta
90%
40.0 Mil Manila
90%
67.2 Mil Mumbai
90%
20.8 Mil Shanghai
90%
34.1 Mil Baghdad
89%
8.17 Mil Tehran
89%
14.7 Mil Alexandria
88%
12.1 Mil Bangkok
88%
88.3 Mil Lagos
88%
8.00 Mil Osaka
88%
50.3 Mil Kabul
87%
83.5 Mil Kinshasa
86%
8.98 Mil Philadelphia
86%
9.40 Mil Riyadh
86%
54.2 Mil Dhaka
85%
15.5 Mil Ho Chi Minh City
85%
35.8 Mil Addis Ababa
84%
12.7 Mil Guangzhou
84%
12.9 Mil Hanoi
84%
49.1 Mil Karachi
84%
46.7 Mil Nairobi
84%
21.2 Mil Dakar
82%
56.6 Mil Khartoum
82%
52.4 Mil Kolkata
82%
11.5 Mil Hong Kong
81%
23.6 Mil Luanda
81%
27.2 Mil Sana'a
80%
73.7 Mil Dar Es Salaam
79%
27.0 Mil Lahore
79%
36.4 Mil Mogadishu
79%
11.0 Mil Accra
77%
25.8 Mil Chennai
77%
10.0 Mil Wuhan
77%
18.8 Mil Abuja
76%
20.5 Mil Antananarivo
76%
24.8 Mil Bangalore
76%
13.9 Mil Phnom Penh
76%
23.2 Mil Hyderabad
74%
40.1 Mil Kampala
73%
8.37 Mil Aleppo
72%
23.0 Mil Bamako
72%
37.7 Mil Lusaka
71%
21.1 Mil Maputo
71%
9.90 Mil Tianjin
71%
11.4 Mil Yangon
71%
56.1 Mil Niamey
70%
10.9 Mil Shenzhen
70%
11.2 Mil Monrovia
69%
28.8 Mil N'djamena
69%
19.7 Mil Abidjan
67%
19.7 Mil Ahmedabad
67%
17.2 Mil Conakry
66%
28.3 Mil Kano
66%
18.3 Mil Kigali
66%
20.6 Mil Ouagadougou
66%
8.87 Mil Chongqing
64%
18.8 Mil Chittagong
63%
41.4 Mil Lilongwe
63%
10.2 Mil Lome
63%
14.0 Mil Mombasa
62%
17.3 Mil Pune
61%
11.0 Mil Giza
53%
10.1 Mil Lucknow
53%
11.0 Mil Jaipur
52%
8.87 Mil Mosul
52%
23.7 Mil Ibadan
50%
14.5 Mil Surat
50%
9.68 Mil Douala
49%
11.0 Mil Faisalabad
46%
11.1 Mil Benin City
44%
9.40 Mil Port Harcourt
44%
14.7 Mil Lubumbashi
42%
9.13 Mil Nagpur
38%
40.9 Mil Blantyre City
34%
11.7 Mil Kanpur
34%
14.2 Mil Mbuji-Mayi
33%
8.17 Mil Patna
32%
13.2 Mil Kaduna
24%
10.8 Mil Ta'izz
18%
11.5 Mil Al-Hudaydah
12%
No matching quizzes found
Score Distribution
Percent of People with Each Score
Percentile by Number Answered
Your Score History
You have not taken this quiz